00283cam a22000857a 4500008004000000100003500040245006800075260004500143300000900188180718b1958 xxu||||| |||| 00| 0 eng d aIndia. Rajya Sabha Secretariat aRajya Sabha debates, Vol. XXI, Nos. 1-10 (22 Apr. - 2 May 1958) aNew DelhibRajya Sabha Secretariatc1958 av.p.